000 00863 a2200217 4500
001 130713
020 _a85-02-02207-5
040 _cLeonardo Da Vinci
041 _aPortuguês
082 _a346.07 B83c
_bB83c
100 _aBRASIL
245 _aCódigo comercial
_bLei n.556, de 25 de junho de 1850, atualizada e acompanhada de Legislação Complementar, inclusive Código de Proteção e Defesa do Consumidor, Lei de locação de Imóveis Urbanos e Lei de Sociedade Anônimas
250 _a44.ed
260 _bSaraiva
_c1999
_aSão Paulo
300 _a1184
362 _a19990000
490 _aLegislação brasileira
500 _aObra coletiva de autoria da Editora Saraiva com a colabração de Antonio Luiz de Toledo e Márcia Cristina Vaz dos Santos Windt
697 _aDireito
_aDireito Comercial
_aLegislação
_aLeis
_aBrasil
_aFIPEN
942 _cBK
999 _c130713
_d130713